Radiohead Lyrics - No Hints #9 - Statistics

General Stats
  • This quiz has been taken 105 times
  • The average score is 114 of 185
Answer Stats
Answer % Correct
you
93%
You
93%
a
91%
the
80%
do
78%
And
74%
and
74%
it
74%
your
72%
no
68%
to
68%
be
64%
He
62%
yourself,
59%
yourself
59%
just
57%
One
57%
one
57%
that
57%
for
55%
get
52%
Is
52%
Can't
51%
day
51%
really
51%
hurts
49%
hanging
48%
Hanging
48%
how
48%
that's
48%
why
48%
been
46%
my
46%
else
45%
off
45%
stink
45%
teach
43%
days
42%
like
42%
not
42%
Don't
41%
holy
39%
'round
39%
cow
38%
he'll
38%
hell
38%
floor
36%
friends
36%
but
35%
out
35%
Comes
33%
comes
33%
I'll
33%
comet
32%
fifteenth
32%
door
26%
purest
25%
Suckered
25%
sympathy
25%
three
25%
He's
23%
times
23%
through
20%
changed
19%
locks
17%
reeling
17%
still
17%
Self
16%
You've
13%
No matching quizzes found
Score Distribution
Percent of People with Each Score
Percentile by Number Answered
Your Score History
You have not taken this quiz